[Event "4NCL Division One"]
[Site "Daventry, ENG"]
[Date "2023.03.18"]
[Round "7.67"]
[White "Ledger, Dave J"]
[Black "Murray, David"]
[Result "1-0"]
[WhiteElo "2260"]
[BlackElo "2145"]
[PlyCount "237"]
[EventDate "2023.03.18"]
[WhiteTeam "Blackthorne"]
[BlackTeam "Gonzaga"]

1. e4 c5 2. Nf3 e6 3. d4 cxd4 4. Nxd4 Nc6 5. Nc3 Qc7 6. Be3 a6 7. Qf3 Nf6 8.
Qg3 Qxg3 9. hxg3 Bb4 10. Rh4 e5 11. Nxc6 dxc6 12. O-O-O Be6 13. Na4 Nd7 14. a3
Be7 15. Rh1 b5 16. Nc3 a5 17. f3 b4 18. Nb1 O-O 19. Be2 Rfd8 20. Rd3 c5 21. c3
Bb3 22. cxb4 c4 23. Rd5 axb4 24. axb4 Bxb4 25. Bd1 Rac8 26. Nc3 Nc5 27. Bxc5
Rxd5 28. Bxb4 Rdd8 29. Bxb3 cxb3 30. Rd1 Rd4 31. Ba3 f6 32. Rd2 Kf7 33. Kd1
Rxd2+ 34. Kxd2 Ke6 35. g4 g6 36. Ke3 h5 37. gxh5 gxh5 38. g3 Rg8 39. Ne2 Rc8
40. Nc3 Rg8 41. Kf2 Rd8 42. Ne2 Rc8 43. Ke3 Rg8 44. Bb4 Rc8 45. Bc3 Rg8 46. Kd3
Rc8 47. Nc1 Rd8+ 48. Ke2 Rg8 49. Kf2 Rb8 50. Nd3 Rc8 51. f4 exf4 52. Nxf4+ Kf7
53. Nd5 f5 54. Ke3 fxe4 55. Kxe4 Rg8 56. Kf3 Rc8 57. Ke4 Rg8 58. Be5 h4 59.
gxh4 Rg4+ 60. Nf4 Rxh4 61. Kd5 Rg4 62. Kc4 Rg3 63. Nd3 Re3 64. Bd4 Rh3 65. Nc5
Ke7 66. Nxb3 Kd6 67. Nc5 Rh1 68. b4 Rc1+ 69. Kb5 Rb1 70. Ka5 Kc6 71. Na4 Rb3
72. Bb2 Kc7 73. b5 Kb8 74. Ka6 Kc8 75. Nb6+ Kd8 76. Bf6+ Kc7 77. Be5+ Kd8 78.
Nc4 Rb4 79. Na5 Kd7 80. b6 Ke6 81. Bg3 Kf5 82. b7 Ke4 83. b8=Q Rxb8 84. Bxb8
Kd5 85. Kb5 Kd4 86. Kc6 Ke4 87. Kc5 Kd3 88. Nc4 Ke4 89. Be5 Kf5 90. Kd5 Kg4 91.
Ke4 Kh3 92. Ne3 Kh4 93. Kf4 Kh3 94. Bf6 Kh2 95. Kg4 Kg1 96. Kg3 Kh1 97. Ng4 Kg1
98. Nf2 Kf1 99. Kf3 Kg1 100. Be5 Kf1 101. Bh2 Ke1 102. Ne4 Kd1 103. Ke3 Kc2
104. Nd2 Kb2 105. Bd6 Kc3 106. Be7 Kc2 107. Bf6 Kd1 108. Kd3 Ke1 109. Bh4+ Kd1
110. Bg3 Kc1 111. Nc4 Kd1 112. Nb2+ Kc1 113. Kc3 Kb1 114. Kb3 Kc1 115. Bf4+ Kb1
116. Nc4 Ka1 117. Be3 Kb1 118. Na3+ Ka1 119. Bd4# 1-0

[Event "4NCL Division One"]
[Site "Daventry, ENG"]
[Date "2023.03.18"]
[Round "7.68"]
[White "Putar, Lara"]
[Black "Varney, Zoe"]
[Result "0-1"]
[WhiteElo "1857"]
[BlackElo "2054"]
[PlyCount "72"]
[EventDate "2023.03.18"]
[WhiteTeam "Gonzaga"]
[BlackTeam "Blackthorne"]

1. d4 d5 2. c4 c6 3. Nf3 Nf6 4. g3 dxc4 5. Bg2 b5 6. a4 Bb7 7. O-O a6 8. b3
cxb3 9. Qxb3 e6 10. Nbd2 Nbd7 11. e4 Be7 12. Ba3 O-O 13. Bxe7 Qxe7 14. e5 Nd5
15. Ne4 b4 16. Rfc1 Rab8 17. a5 Rfd8 18. Rc2 c5 19. dxc5 Rdc8 20. Rac1 Nc3 21.
Nd6 Rxc5 22. Nxb7 Rxb7 23. Rxc3 Rxc3 24. Rxc3 Nc5 25. Rxc5 Qxc5 26. Ne1 Rd7 27.
Bf3 Qxa5 28. Nd3 Qa3 29. Qxa3 bxa3 30. Nc1 Rd2 31. Kf1 a2 32. Nxa2 Rxa2 33. Ke1
a5 34. Be2 a4 35. f4 a3 36. Bc4 Rb2 0-1

[Event "4NCL Division One"]
[Site "Milton Keynes, ENG"]
[Date "2023.04.29"]
[Round "9.11"]
[White "Christiansen, Johan-Sebastian"]
[Black "Erdos, Viktor"]
[Result "1/2-1/2"]
[WhiteElo "2579"]
[BlackElo "2583"]
[PlyCount "61"]
[EventDate "2023.04.29"]
[WhiteTeam "Chessable White Rose 1"]
[BlackTeam "Chess.com Manx Liberty"]

1. e4 e5 2. Nc3 Nf6 3. g3 d5 4. exd5 Nxd5 5. Bg2 Nf6 6. Nge2 Nc6 7. O-O Bc5 8.
d3 h6 9. h3 O-O 10. Kh2 Re8 11. f4 exf4 12. Nxf4 Re5 13. Ne4 Nxe4 14. Bxe4 Bf5
15. Bg2 Qd7 16. c3 Bd6 17. d4 Ree8 18. Nd3 Be4 19. Bf4 Bxg2 20. Kxg2 Re7 21.
Qf3 Rae8 22. Bxd6 Re3 23. Qf5 Re2+ 24. Kg1 Qxf5 25. Rxf5 cxd6 26. Raf1 Rd2 27.
R5f3 f6 28. R1f2 Rd1+ 29. Rf1 Rd2 30. R1f2 Rd1+ 31. Rf1 1/2-1/2

[Event "4NCL Division One"]
[Site "Milton Keynes, ENG"]
[Date "2023.04.29"]
[Round "9.13"]
[White "Rowson, Jonathan"]
[Black "Parligras, Mircea-Emilian"]
[Result "1/2-1/2"]
[WhiteElo "2537"]
[BlackElo "2552"]
[PlyCount "98"]
[EventDate "2023.04.29"]
[WhiteTeam "Chessable White Rose 1"]
[BlackTeam "Chess.com Manx Liberty"]

1. d4 Nf6 2. c4 e6 3. Nf3 d5 4. Nc3 Bb4 5. Qa4+ Nc6 6. e3 O-O 7. Qc2 dxc4 8.
Bxc4 Bd6 9. h3 e5 10. O-O a6 11. a3 h6 12. Rd1 Bd7 13. b4 exd4 14. exd4 Qc8 15.
Bxh6 Bxh3 16. Qg6 Qg4 17. Qxg7+ Qxg7 18. Bxg7 Kxg7 19. gxh3 Rh8 20. Bf1 Rag8
21. Bg2 Rh5 22. Kf1 a5 23. b5 Ne7 24. Ne5 b6 25. Rd3 Bxe5 26. dxe5 Rxe5 27. Re1
Rxe1+ 28. Kxe1 Ng6 29. Kd2 Rh8 30. Rd4 Rh5 31. Rc4 Rg5 32. Ba8 Ne8 33. a4 Rf5
34. Ne4 Rf4 35. Rc1 Ne5 36. Ke2 f5 37. Nc3 Rc4 38. Bd5 Rc5 39. Bb3 Nf6 40. Ke3
f4+ 41. Kd4 Nf3+ 42. Kd3 Kg6 43. Rh1 Ne5+ 44. Kd4 Nf3+ 45. Kd3 Kf5 46. Bc2 Ke6
47. Bb3+ Kf5 48. Bc2 Ke6 49. Bb3+ Kf5 1/2-1/2

[Event "4NCL Division One"]
[Site "Milton Keynes, ENG"]
[Date "2023.04.29"]
[Round "9.14"]
[White "Turner, Matthew J"]
[Black "Alsina Leal, Daniel"]
[Result "1/2-1/2"]
[WhiteElo "2441"]
[BlackElo "2520"]
[PlyCount "83"]
[EventDate "2023.04.29"]
[WhiteTeam "Chess.com Manx Liberty"]
[BlackTeam "Chessable White Rose 1"]

1. Nf3 d5 2. g3 Nf6 3. Bg2 c5 4. O-O e6 5. b3 Be7 6. Bb2 O-O 7. d4 cxd4 8. Nbd2
Re8 9. Bxd4 Nc6 10. Bb2 Bf8 11. e3 e5 12. c4 d4 13. exd4 exd4 14. Re1 Rxe1+ 15.
Qxe1 Bf5 16. Nh4 Bc2 17. Ndf3 Bb4 18. Qc1 Be4 19. a3 Be7 20. b4 h6 21. Qe1 d3
22. Rd1 Bh7 23. Ne5 Nxe5 24. Qxe5 Qd7 25. Qd4 Qa4 26. Rd2 Rd8 27. Qc3 Bf8 28.
Bxb7 Be4 29. Bd5 Bxd5 30. Qxd3 Qe8 31. cxd5 Rxd5 32. Qe2 Rxd2 33. Qxd2 Ne4 34.
Qe3 Qc6 35. Nf3 Qc2 36. Bd4 a6 37. Kg2 Qc6 38. h4 Qd5 39. Bb2 Nd6 40. Qd4 Qc6
41. Qc3 Qe4 42. Qd4 1/2-1/2

[Event "4NCL Division One"]
[Site "Milton Keynes, ENG"]
[Date "2023.04.29"]
[Round "9.15"]
[White "Emms, John M"]
[Black "Csonka, Balazs"]
[Result "1/2-1/2"]
[WhiteElo "2468"]
[BlackElo "2496"]
[PlyCount "50"]
[EventDate "2023.04.29"]
[WhiteTeam "Chessable White Rose 1"]
[BlackTeam "Chess.com Manx Liberty"]

1. e4 e5 2. Nf3 Nc6 3. Bc4 Bc5 4. c3 Nf6 5. d3 d6 6. O-O O-O 7. Re1 a5 8. h3
Be6 9. Bb5 Ba7 10. Nbd2 Ne7 11. d4 Ng6 12. Bf1 Re8 13. dxe5 dxe5 14. Ng5 Bc8
15. Bc4 Rf8 16. Ngf3 c6 17. a4 b5 18. Ba2 Qb6 19. Re3 Ba6 20. Qc2 Rad8 21. Nf1
Nh5 22. Re1 Nhf4 23. Be3 Qb8 24. axb5 cxb5 25. Red1 h6 1/2-1/2

[Event "4NCL Division One"]
[Site "Milton Keynes, ENG"]
[Date "2023.04.29"]
[Round "9.16"]
[White "Bobras, Piotr"]
[Black "Wells, Peter K"]
[Result "1/2-1/2"]
[WhiteElo "2473"]
[BlackElo "2386"]
[PlyCount "52"]
[EventDate "2023.04.29"]
[WhiteTeam "Chess.com Manx Liberty"]
[BlackTeam "Chessable White Rose 1"]

1. e4 e5 2. Nf3 Nc6 3. Bb5 a6 4. Ba4 Nf6 5. O-O Be7 6. Re1 b5 7. Bb3 d6 8. c3
O-O 9. h3 Bb7 10. d4 Re8 11. Ng5 Rf8 12. Nf3 Re8 13. Nbd2 Bf8 14. a3 h6 15. Bc2
Nb8 16. b4 Nbd7 17. Bb2 g6 18. a4 Nb6 19. dxe5 dxe5 20. axb5 axb5 21. Qe2 c6
22. c4 Bxb4 23. cxb5 cxb5 24. Rxa8 Bxa8 25. Qxb5 Bxd2 26. Rd1 Qc7 1/2-1/2

[Event "4NCL Division One"]
[Site "Milton Keynes, ENG"]
[Date "2023.04.29"]
[Round "9.17"]
[White "Adair, James R"]
[Black "Cyborowski, Lukasz"]
[Result "1/2-1/2"]
[WhiteElo "2442"]
[BlackElo "2500"]
[PlyCount "56"]
[EventDate "2023.04.29"]
[WhiteTeam "Chessable White Rose 1"]
[BlackTeam "Chess.com Manx Liberty"]

1. e4 c5 2. Nf3 e6 3. d4 cxd4 4. Nxd4 a6 5. Bd3 Qc7 6. O-O Nf6 7. Qe2 d6 8. c4
Nbd7 9. f4 g6 10. f5 Bg7 11. fxe6 Ne5 12. exf7+ Nxf7 13. Nf3 O-O 14. Nc3 Be6
15. Bd2 Ng4 16. Kh1 Nfe5 17. b3 Qc5 18. Bc2 b5 19. Rab1 bxc4 20. b4 Qa7 21. Nd1
Nd3 22. Bxd3 cxd3 23. Qxd3 Bxa2 24. Rc1 Ne5 25. Nxe5 Rxf1+ 26. Qxf1 Bxe5 27.
Qe2 Be6 28. Nf2 Qb7 1/2-1/2

[Event "4NCL Division One"]
[Site "Milton Keynes, ENG"]
[Date "2023.04.29"]
[Round "9.18"]
[White "Terbe, Julianna"]
[Black "Sucikova, Svetlana"]
[Result "1/2-1/2"]
[WhiteElo "2252"]
[BlackElo "2249"]
[PlyCount "57"]
[EventDate "2023.04.29"]
[WhiteTeam "Chess.com Manx Liberty"]
[BlackTeam "Chessable White Rose 1"]

1. d4 d5 2. c4 c6 3. Nf3 Nf6 4. g3 g6 5. Bg2 Bg7 6. cxd5 cxd5 7. Nc3 O-O 8. Ne5
e6 9. O-O Nfd7 10. Nf3 Nc6 11. Bf4 Nf6 12. Rc1 Qa5 13. a3 Bd7 14. Qd3 Rfc8 15.
Rfd1 a6 16. Ne5 Be8 17. Na2 Nxe5 18. Bxe5 Bb5 19. Qf3 Nd7 20. Bxg7 Kxg7 21. Qe3
Bc4 22. Nb4 Qa4 23. h4 a5 24. Nd3 Qb3 25. h5 Bxd3 26. h6+ Kg8 27. Qxd3 Qxd3 28.
Rxc8+ Rxc8 29. Rxd3 1/2-1/2

[Event "4NCL Division One"]
[Site "Milton Keynes, ENG"]
[Date "2023.04.29"]
[Round "9.21"]
[White "Wadsworth, Matthew J"]
[Black "Kilpatrick, Callum"]
[Result "1-0"]
[WhiteElo "2423"]
[BlackElo "2413"]
[PlyCount "83"]
[EventDate "2023.04.29"]
[WhiteTeam "Wood Green"]
[BlackTeam "Celtic Tigers 1"]

1. c4 e5 2. g3 Nc6 3. Nc3 g6 4. Bg2 Bg7 5. d3 d6 6. e4 h5 7. h4 Nd4 8. Be3 Ne7
9. Qd2 c6 10. Nf3 Bg4 11. Nh2 Be6 12. O-O O-O 13. Bxd4 exd4 14. Ne2 d5 15. exd5
cxd5 16. Nf4 Bh6 17. Nxe6 Bxd2 18. Nxd8 Rfxd8 19. Rad1 Bh6 20. Rfe1 Kf8 21. b3
a5 22. Nf3 Bg7 23. Ng5 Bf6 24. Nh3 dxc4 25. bxc4 Nc6 26. Nf4 Nb4 27. Rd2 Rab8
28. a3 Na6 29. Nd5 Rd6 30. Rb1 b6 31. Rb5 Be7 32. Rdb2 Rxd5 33. Bxd5 Bxa3 34.
Rxb6 Bxb2 35. Rxa6 Bc3 36. Rf6 Rb1+ 37. Kg2 Rd1 38. c5 Bb4 39. c6 Rc1 40. Bc4
Ke7 41. Rxf7+ Kd6 42. c7 1-0

[Event "4NCL Division One"]
[Site "Milton Keynes, ENG"]
[Date "2023.04.29"]
[Round "9.22"]
[White "Reimanis, Ritvars"]
[Black "Greet, Andrew N"]
[Result "1-0"]
[WhiteElo "2478"]
[BlackElo "2408"]
[PlyCount "59"]
[EventDate "2023.04.29"]
[WhiteTeam "Celtic Tigers 1"]
[BlackTeam "Wood Green"]

1. d4 e6 2. c4 f5 3. g3 Nf6 4. Bg2 d5 5. Nf3 Bd6 6. O-O O-O 7. b3 b6 8. cxd5
Nxd5 9. Re1 Nd7 10. Bb2 Bb7 11. Nbd2 f4 12. a3 Qe8 13. e4 fxe3 14. fxe3 N5f6
15. e4 Ng4 16. Bh3 h5 17. b4 Qg6 18. Qb3 Rae8 19. Nh4 Qh6 20. Ndf3 g5 21. Bc1
Rxf3 22. Nxf3 Be7 23. Qa4 Bc8 24. Qc6 Rf8 25. Bg2 Rxf3 26. Bxf3 Qf6 27. Bxg4
hxg4 28. Qxc7 Qf8 29. Rf1 Qe8 30. Qxa7 1-0

[Event "4NCL Division One"]
[Site "Milton Keynes, ENG"]
[Date "2023.04.29"]
[Round "9.23"]
[White "Haydon, David L"]
[Black "Gallana, Marco"]
[Result "1/2-1/2"]
[WhiteElo "2382"]
[BlackElo "2296"]
[PlyCount "112"]
[EventDate "2023.04.29"]
[WhiteTeam "Wood Green"]
[BlackTeam "Celtic Tigers 1"]

1. d4 Nf6 2. Bf4 g6 3. Nf3 Bg7 4. e3 O-O 5. Be2 c5 6. Nbd2 Nc6 7. c3 d6 8. h3
cxd4 9. exd4 Nd5 10. Bh2 Bh6 11. O-O Qb6 12. Nc4 Qc7 13. Re1 b5 14. Ncd2 Rb8
15. Ne4 Na5 16. Bd3 b4 17. Qc2 bxc3 18. Nxc3 Nb4 19. Qe2 Nxd3 20. Qxd3 Be6 21.
b3 Rbc8 22. Ne2 Bf5 23. Qa6 Qb6 24. Qxb6 axb6 25. Bf4 Bg7 26. Ng3 Nc6 27. Rad1
d5 28. Nxf5 gxf5 29. g4 fxg4 30. hxg4 e6 31. Kg2 Ra8 32. a4 Rfc8 33. Re3 Na5
34. Be5 Rc2 35. Bxg7 Kxg7 36. Ne5 Ra7 37. Rdd3 Rac7 38. g5 Nc6 39. Ng4 Nb4 40.
Rd1 R7c3 41. Kg3 Nc6 42. Kf4 Rc1 43. Rd2 R3c2 44. Rxc2 Rxc2 45. Rd3 Nb4 46. Rf3
Rd2 47. Ne5 Rxd4+ 48. Kg3 Re4 49. Nxf7 Nc6 50. Nd6 Rb4 51. Rf7+ Kg8 52. f4 Nd4
53. Kg4 Ne2 54. Kf3 Nd4+ 55. Kg4 Ne2 56. Kf3 Nd4+ 1/2-1/2

[Event "4NCL Division One"]
[Site "Milton Keynes, ENG"]
[Date "2023.04.29"]
[Round "9.24"]
[White "Zulfic, Fedja"]
[Black "Harvey, Marcus R"]
[Result "0-1"]
[WhiteElo "2214"]
[BlackElo "2462"]
[PlyCount "60"]
[EventDate "2023.04.29"]
[WhiteTeam "Celtic Tigers 1"]
[BlackTeam "Wood Green"]

1. e4 c6 2. d4 d5 3. Nc3 a6 4. a4 e6 5. Nf3 Bb4 6. Bd3 Nf6 7. e5 Nfd7 8. Ng5 c5
9. O-O cxd4 10. Nxd5 exd5 11. e6 Ne5 12. f4 Nxd3 13. Nxf7 Qh4 14. Qxd3 O-O 15.
f5 Nc6 16. Bg5 Qh5 17. Qg3 Rxf7 18. exf7+ Qxf7 19. f6 g6 20. h4 h5 21. Bh6 Bg4
22. Qf4 Re8 23. Bg7 Bf8 24. Bxf8 Rxf8 25. Rae1 Bf5 26. g4 Bxg4 27. Qg5 Kh7 28.
Kh2 Bf5 29. Rxf5 gxf5 30. Rg1 Qxf6 0-1

[Event "4NCL Division One"]
[Site "Milton Keynes, ENG"]
[Date "2023.04.29"]
[Round "9.25"]
[White "Speelman, Jon S"]
[Black "Hoffmann, Hendrik"]
[Result "1-0"]
[WhiteElo "2487"]
[BlackElo "2266"]
[PlyCount "39"]
[EventDate "2023.04.29"]
[WhiteTeam "Wood Green"]
[BlackTeam "Celtic Tigers 1"]

1. Nf3 Nf6 2. c4 g6 3. Nc3 Bg7 4. e4 d6 5. d4 O-O 6. h3 c5 7. d5 e6 8. Bd3 exd5
9. exd5 Bf5 10. Bxf5 gxf5 11. O-O Nbd7 12. Qd3 Ne4 13. Nxe4 fxe4 14. Qxe4 Re8
15. Qf5 Ne5 16. Ng5 h6 17. Qh7+ Kf8 18. Ne4 Qh4 19. Nxd6 Nxc4 20. Qxg7+ 1-0

[Event "4NCL Division One"]
[Site "Milton Keynes, ENG"]
[Date "2023.04.29"]
[Round "9.26"]
[White "Pein, Jonathan"]
[Black "McDonald, Neil"]
[Result "1/2-1/2"]
[WhiteElo "2301"]
[BlackElo "2414"]
[PlyCount "75"]
[EventDate "2023.04.29"]
[WhiteTeam "Celtic Tigers 1"]
[BlackTeam "Wood Green"]

1. e4 e6 2. d4 d5 3. exd5 exd5 4. Nf3 Nc6 5. Bb5 Bd6 6. c4 dxc4 7. d5 a6 8. Ba4
b5 9. dxc6 bxa4 10. O-O Ne7 11. Nbd2 Be6 12. Qxa4 Bd5 13. Nxc4 Bxc6 14. Qd1 O-O
15. Nxd6 Qxd6 16. Qxd6 cxd6 17. Nd4 Bb7 18. Bf4 Ng6 19. Bg3 f5 20. Bxd6 Rf6 21.
Bc7 Rc8 22. Rac1 Rf7 23. Ba5 Rxc1 24. Rxc1 Nf4 25. f3 Rd7 26. Rc7 Rxd4 27. Rxb7
Rd5 28. Bb6 Rb5 29. b3 Ne2+ 30. Kf2 Nc3 31. Rc7 Nxa2 32. Bd4 g6 33. Rg7+ Kf8
34. Rxh7 Nc1 35. Rh8+ Kf7 36. Rh7+ Kf8 37. Rh8+ Kf7 38. Rh7+ 1/2-1/2

[Event "4NCL Division One"]
[Site "Milton Keynes, ENG"]
[Date "2023.04.29"]
[Round "9.27"]
[White "Fitzsimons, David"]
[Black "Quinn, John M"]
[Result "0-1"]
[WhiteElo "2403"]
[BlackElo "2149"]
[PlyCount "76"]
[EventDate "2023.04.29"]
[WhiteTeam "Wood Green"]
[BlackTeam "Celtic Tigers 1"]

1. e4 c5 2. Nf3 e6 3. Nc3 Nc6 4. Bb5 Nd4 5. O-O a6 6. Bd3 Be7 7. Nxd4 cxd4 8.
Ne2 e5 9. f4 d6 10. Qe1 Bh4 11. g3 Bf6 12. Bc4 Be6 13. Bxe6 fxe6 14. d3 Ne7 15.
c3 dxc3 16. bxc3 O-O 17. Qd1 Qb6+ 18. Kg2 exf4 19. Bxf4 e5 20. Rb1 Qc6 21. Be3
b5 22. a4 d5 23. axb5 axb5 24. Qb3 Rfb8 25. g4 h6 26. Ng3 Kh7 27. Nh5 Qe6 28.
h3 Bg5 29. Bc5 Rd8 30. Bxe7 Bxe7 31. Ra1 Rxa1 32. Rxa1 Rd6 33. exd5 Rxd5 34.
Ra6 Qd7 35. Ra7 Qc6 36. Kh2 Rxd3 37. Qc2 e4 38. Qe2 Qd6+ 0-1

[Event "4NCL Division One"]
[Site "Milton Keynes, ENG"]
[Date "2023.04.29"]
[Round "9.28"]
[White "Serbanescu, Diana-Maria"]
[Black "Toma, Katarzyna"]
[Result "0-1"]
[WhiteElo "2057"]
[BlackElo "2386"]
[PlyCount "78"]
[EventDate "2023.04.29"]
[WhiteTeam "Celtic Tigers 1"]
[BlackTeam "Wood Green"]

1. e4 c5 2. c3 Nf6 3. e5 Nd5 4. d4 cxd4 5. Nf3 d6 6. cxd4 Nc6 7. Bc4 Nb6 8. Bb3
dxe5 9. d5 Na5 10. Nc3 Bg4 11. O-O Nxb3 12. axb3 g6 13. h3 Bxf3 14. Qxf3 Bg7
15. Bg5 Qd7 16. Rfd1 O-O 17. Ne4 Nc8 18. Qe2 Re8 19. Nc5 Qf5 20. h4 Nd6 21. g4
Qc8 22. Rdc1 Qd8 23. Bd2 b6 24. Na6 Rc8 25. Bc3 e6 26. dxe6 Qxh4 27. exf7+ Nxf7
28. Kg2 Nh6 29. Ra4 Nf7 30. Nb4 Qe7 31. Re1 Ng5 32. Qa6 Qf7 33. Qe2 a5 34. Nc2
Qxb3 35. Ra3 Qd5+ 36. f3 e4 37. f4 e3+ 38. Kg3 Ne4+ 39. Kh2 Bxc3 0-1

[Event "4NCL Division One"]
[Site "Milton Keynes, ENG"]
[Date "2023.04.29"]
[Round "9.31"]
[White "Roberson, Peter T"]
[Black "Pert, Nicholas"]
[Result "1/2-1/2"]
[WhiteElo "2430"]
[BlackElo "2537"]
[PlyCount "98"]
[EventDate "2023.04.29"]
[WhiteTeam "The Sharks 1"]
[BlackTeam "Cheddleton"]

1. e4 e6 2. d4 d5 3. e5 c5 4. c3 Nc6 5. Nf3 Bd7 6. Be2 Nge7 7. Na3 cxd4 8. cxd4
Nf5 9. Nc2 Qb6 10. O-O Na5 11. Re1 Bb5 12. Ne3 Nxe3 13. Bxb5+ Qxb5 14. Rxe3 h6
15. Ne1 Rc8 16. h4 g6 17. h5 g5 18. Qg4 Be7 19. b3 Kd7 20. Qd1 Kc7 21. Nf3 Kb8
22. Nh2 Bb4 23. Rf3 Rc7 24. Ng4 Nc6 25. Bb2 Bf8 26. Rc1 a5 27. Rc2 Qb6 28. Qc1
Nxd4 29. Bxd4 Rxc2 30. Qxc2 Qxd4 31. Rxf7 Bc5 32. Qe2 Bb6 33. Nf6 Rc8 34. g3
Ka7 35. Nd7 Rc7 36. Qb5 Qb4 37. Qe2 Qe4 38. Qxe4 dxe4 39. Rh7 Bd4 40. Nf6 Rxh7
41. Nxh7 Bxe5 42. Nf8 b5 43. Kf1 Kb7 44. Nxe6 Kc6 45. Ke2 a4 46. Nd8+ Kd7 47.
Nb7 Kc6 48. Nd8+ Kd7 49. Nb7 Kc6 1/2-1/2

[Event "4NCL Division One"]
[Site "Milton Keynes, ENG"]
[Date "2023.04.29"]
[Round "9.32"]
[White "Williams, Simon K"]
[Black "Moreby, James"]
[Result "1/2-1/2"]
[WhiteElo "2465"]
[BlackElo "2447"]
[PlyCount "40"]
[EventDate "2023.04.29"]
[WhiteTeam "Cheddleton"]
[BlackTeam "The Sharks 1"]

1. Nf3 c5 2. e3 Nc6 3. c4 e5 4. Nc3 Nf6 5. Qc2 Be7 6. a3 d6 7. b3 h6 8. Bb2 Be6
9. Be2 Rc8 10. O-O O-O 11. Rad1 a6 12. d4 cxd4 13. exd4 exd4 14. Nxd4 Nxd4 15.
Rxd4 d5 16. Qd1 Bd6 17. cxd5 Be5 18. Bf3 Bxd4 19. Qxd4 Bf5 20. d6 Qd7 1/2-1/2

[Event "4NCL Division One"]
[Site "Milton Keynes, ENG"]
[Date "2023.04.29"]
[Round "9.33"]
[White "Grieve, Harry"]
[Black "Arkell, Keith C"]
[Result "1-0"]
[WhiteElo "2439"]
[BlackElo "2494"]
[PlyCount "91"]
[EventDate "2023.04.29"]
[WhiteTeam "The Sharks 1"]
[BlackTeam "Cheddleton"]

1. e4 e6 2. d4 d5 3. e5 c5 4. c3 Nc6 5. Nf3 Nge7 6. Na3 cxd4 7. cxd4 Nf5 8. Nc2
Bd7 9. Bd3 Nb4 10. Nxb4 Bxb4+ 11. Bd2 Qa5 12. a3 Bxd2+ 13. Qxd2 Qxd2+ 14. Kxd2
Rc8 15. h4 Ne7 16. h5 h6 17. Rh4 O-O 18. Rc1 Rxc1 19. Kxc1 f6 20. Kd2 Nc6 21.
Ke3 fxe5 22. Nxe5 Nxe5 23. dxe5 Rc8 24. Rf4 Be8 25. Bg6 b6 26. Kd2 Bxg6 27.
hxg6 Rc7 28. g4 Rd7 29. Kd3 Rc7 30. b3 a5 31. a4 Rb7 32. Kd4 Rc7 33. Rf3 Rc1
34. Rc3 Rd1+ 35. Ke3 Kf8 36. Ke2 Rd4 37. f3 Rb4 38. Rc8+ Ke7 39. Rc7+ Kf8 40.
Rf7+ Kg8 41. f4 Rxb3 42. f5 exf5 43. Rb7 Kf8 44. gxf5 Rg3 45. Rb8+ Ke7 46. Rg8
1-0

[Event "4NCL Division One"]
[Site "Milton Keynes, ENG"]
[Date "2023.04.29"]
[Round "9.34"]
[White "Kirk, Ezra"]
[Black "Ghasi, Ameet K"]
[Result "0-1"]
[WhiteElo "2439"]
[BlackElo "2479"]
[PlyCount "70"]
[EventDate "2023.04.29"]
[WhiteTeam "Cheddleton"]
[BlackTeam "The Sharks 1"]

1. d4 Nf6 2. c4 g6 3. Nc3 Bg7 4. e4 d6 5. f4 c5 6. d5 e6 7. Nf3 exd5 8. cxd5
O-O 9. Be2 Bg4 10. O-O Bxf3 11. Bxf3 Nbd7 12. g4 Ne8 13. g5 Nc7 14. h4 b5 15.
e5 b4 16. exd6 Ne8 17. Nb5 Qb6 18. Nc7 Bd4+ 19. Kh2 Rd8 20. Nxe8 Rfxe8 21. a3
b3 22. Kg3 Rb8 23. h5 Qxd6 24. Bd2 gxh5 25. Rh1 Nf8 26. Rxh5 Ng6 27. Qb1 Be3
28. Bxe3 Rxe3 29. Qf5 Rd8 30. Kg4 Qe7 31. Rah1 Rxf3 32. Kxf3 Re8 33. Qd3 c4 34.
Qd2 Qe4+ 35. Kg4 Ne5+ 0-1

[Event "4NCL Division One"]
[Site "Milton Keynes, ENG"]
[Date "2023.04.29"]
[Round "9.35"]
[White "Rendle, Thomas E"]
[Black "Pert, Richard G"]
[Result "1-0"]
[WhiteElo "2375"]
[BlackElo "2487"]
[PlyCount "69"]
[EventDate "2023.04.29"]
[WhiteTeam "The Sharks 1"]
[BlackTeam "Cheddleton"]

1. d4 d5 2. c4 e6 3. Nf3 Nf6 4. g3 Bb4+ 5. Nbd2 dxc4 6. Bg2 b5 7. O-O a5 8. a3
Bxd2 9. Nxd2 Ra7 10. b3 Qxd4 11. Qc2 Qxa1 12. Bb2 Qxf1+ 13. Nxf1 c5 14. bxc4 b4
15. Qd2 O-O 16. Qd6 Nbd7 17. Ne3 bxa3 18. Bxa3 a4 19. g4 h6 20. h4 Bb7 21. g5
Bxg2 22. gxf6 Be4 23. fxg7 Rb8 24. Bxc5 Rab7 25. Ba3 h5 26. f3 Bg6 27. c5 Kxg7
28. c6 Rb1+ 29. Kf2 Nf6 30. c7 Rc8 31. Qd8 Rxc7 32. Qxc7 Rb3 33. Nc4 Kh7 34.
Qe5 Nd7 35. Qd4 1-0

[Event "4NCL Division One"]
[Site "Milton Keynes, ENG"]
[Date "2023.04.29"]
[Round "9.36"]
[White "Eggleston, David J"]
[Black "Dong, Bao Nghia"]
[Result "1-0"]
[WhiteElo "2423"]
[BlackElo "2332"]
[PlyCount "101"]
[EventDate "2023.04.29"]
[WhiteTeam "Cheddleton"]
[BlackTeam "The Sharks 1"]

1. e4 e6 2. d4 d5 3. Nc3 Bb4 4. e5 c5 5. a3 Bxc3+ 6. bxc3 Ne7 7. Qg4 Qc7 8.
Qxg7 Rg8 9. Qxh7 cxd4 10. Ne2 Nbc6 11. f4 dxc3 12. Qd3 d4 13. Nxd4 Nxd4 14.
Qxd4 Bd7 15. Rg1 Nf5 16. Qf2 Qc6 17. Bd3 Qd5 18. Be3 Nxe3 19. Qxe3 Rxg2 20.
Rxg2 Qxg2 21. O-O-O Qxh2 22. Be4 O-O-O 23. Qxc3+ Bc6 24. Bxc6 Rxd1+ 25. Kxd1
Qg1+ 26. Ke2 bxc6 27. Qxc6+ Kd8 28. Qe4 Kc7 29. Kd2 a5 30. Kc3 Qg3+ 31. Kb2 Qf2
32. Kb3 Kb6 33. Ka4 Qd2 34. Qc4 Qd7+ 35. Kb3 Qd1 36. Qd3 Qc1 37. Qd4+ Kb7 38.
c4 Ka6 39. Qd6+ Kb7 40. Qd7+ Kb6 41. Qb5+ Kc7 42. Qxa5+ Kc6 43. Qb5+ Kc7 44.
Qc5+ Kb7 45. Qd4 Kc6 46. Ka4 Kb7 47. c5 Ka6 48. Qd6+ Ka7 49. Qb6+ Ka8 50. Kb5
Qxf4 51. Qc6+ 1-0

[Event "4NCL Division One"]
[Site "Milton Keynes, ENG"]
[Date "2023.04.29"]
[Round "9.37"]
[White "Varnam, Liam D"]
[Black "Nilssen, Ellen Fredericia"]
[Result "0-1"]
[WhiteElo "2121"]
[BlackElo "2126"]
[PlyCount "80"]
[EventDate "2023.04.29"]
[WhiteTeam "The Sharks 1"]
[BlackTeam "Cheddleton"]

1. e4 c5 2. Nf3 d6 3. d4 cxd4 4. Nxd4 Nf6 5. Nc3 a6 6. Be3 e5 7. Nb3 Be7 8. f3
Be6 9. Qd2 h5 10. Be2 Nbd7 11. O-O O-O 12. Rfd1 Qc7 13. Nd5 Nxd5 14. exd5 Bf5
15. c4 b6 16. f4 Bg6 17. Rac1 Bf6 18. a4 Rfe8 19. f5 Bxf5 20. Bxh5 a5 21. Qf2
Bh7 22. Rf1 Bd3 23. Be2 Bxe2 24. Qxe2 Qd8 25. Rf3 Bg5 26. Rcf1 Rf8 27. Nd2 Nc5
28. Bxg5 Qxg5 29. Rg3 Qh4 30. Rf5 f6 31. Rg4 Qh7 32. Qf3 Kf7 33. g3 Qh6 34. Qe2
Rh8 35. h4 Ke7 36. h5 g5 37. Rf2 Qxh5 38. Rh2 Qxh2+ 39. Qxh2 Rxh2 40. Kxh2 Nxa4
0-1

[Event "4NCL Division One"]
[Site "Milton Keynes, ENG"]
[Date "2023.04.29"]
[Round "9.38"]
[White "Boswell, Jacob Connor"]
[Black "Foisor, Sabina-Francesca"]
[Result "1-0"]
[WhiteElo "2119"]
[BlackElo "2185"]
[PlyCount "130"]
[EventDate "2023.04.29"]
[WhiteTeam "Cheddleton"]
[BlackTeam "The Sharks 1"]

1. e3 d5 2. c4 c6 3. Nf3 Nf6 4. Nc3 a6 5. d4 g6 6. a4 Bg7 7. Be2 O-O 8. O-O Bg4
9. Qb3 Ra7 10. a5 e6 11. Qc2 Nbd7 12. Rd1 Qc8 13. e4 dxc4 14. Ne5 Bxe2 15. Qxe2
c5 16. Qxc4 Ra8 17. Nxd7 Nxd7 18. d5 b5 19. axb6 Nxb6 20. Qb3 Rb8 21. Bf4 Rb7
22. d6 Bd4 23. Qa2 e5 24. Bg5 Qe6 25. Qxa6 Rfb8 26. Be7 Nd7 27. Na4 Qg4 28. Qd3
Rb3 29. h3 Bxf2+ 30. Kh1 Qf4 31. Nc3 Bd4 32. Rf1 Qh6 33. Qc4 Qg7 34. Ra7 R3b4
35. Qd5 Rxb2 36. Rxd7 Bxc3 37. Bf6 Qf8 38. Bxe5 Rd2 39. Qc4 Bxe5 40. Rdxf7 Qxd6
41. Rd7+ Kh8 42. Rxd6 Bxd6 43. Qe6 Rf2 44. Rd1 Bg3 45. Qg4 Be5 46. Qg5 Re8 47.
g3 Bd4 48. Re1 Kg7 49. h4 h6 50. Qg4 Re7 51. h5 g5 52. Rb1 Be5 53. Rb6 Ra7 54.
Rb1 Rf6 55. Qc8 Bxg3 56. Rb7+ Rxb7 57. Qxb7+ Kf8 58. Qc8+ Kf7 59. Qxc5 g4 60.
Qd5+ Ke7 61. Qd1 Rf3 62. Qc1 Bf4 63. Qc5+ Bd6 64. Qd4 g3 65. e5 Bc7 1-0